The American Experiment / The vineyard of liberty / (Record no. 564)

000 -LEADER
fixed length control field 01202nam a22003497a 4500
001 - CONTROL NUMBER
control field 3734507
003 - CONTROL NUMBER IDENTIFIER
control field OSt
005 - DATE AND TIME OF LATEST TRANSACTION
control field 20210420080314.0
008 - FIXED-LENGTH DATA ELEMENTS--GENERAL INFORMATION
fixed length control field 810629t19821981nyubf b 001 0 eng
010 ## - LIBRARY OF CONGRESS CONTROL NUMBER
LC control number 81047510
020 ## - INTERNATIONAL STANDARD BOOK NUMBER
International Standard Book Number 0394505468
040 ## - CATALOGING SOURCE
Original cataloging agency eng
Transcribing agency DLC
Modifying agency eng
Language of cataloging eng
041 ## - LANGUAGE CODE
Language code of text/sound track or separate title eng
043 ## - GEOGRAPHIC AREA CODE
Geographic area code n-us---
050 00 - LIBRARY OF CONGRESS CALL NUMBER
Classification number E178
Item number .B96 1982
080 ## - UNIVERSAL DECIMAL CLASSIFICATION NUMBER
Universal Decimal Classification number 94
Item number M-12
082 00 - DEWEY DECIMAL CLASSIFICATION NUMBER
Classification number 973
Edition number 19
100 1# - MAIN ENTRY--PERSONAL NAME
Personal name Burns, James MacGregor.
245 14 - TITLE STATEMENT
Title The American Experiment / The vineyard of liberty /
Statement of responsibility, etc. by James MacGregor Burns.
250 ## - EDITION STATEMENT
Edition statement 1st ed.
260 ## - PUBLICATION, DISTRIBUTION, ETC.
Place of publication, distribution, etc. New York :
Name of publisher, distributor, etc. Knopf :
-- Distributed by Random House,
Date of publication, distribution, etc. 1982, c1981.
300 ## - PHYSICAL DESCRIPTION
Extent xii, 741 p., [4] leaves of plates :
Other physical details maps ;
Dimensions 24 cm.
490 1# - SERIES STATEMENT
Series statement The American experiment
504 ## - BIBLIOGRAPHY, ETC. NOTE
Bibliography, etc. note Includes bibliographical references and index.
650 #0 - SUBJECT ADDED ENTRY--TOPICAL TERM
9 (RLIN) 252
Topical term or geographic name entry element History
651 #0 - SUBJECT ADDED ENTRY--GEOGRAPHIC NAME
Geographic name United States
General subdivision History
Chronological subdivision 1783-1865.
653 ## - INDEX TERM--UNCONTROLLED
Uncontrolled term ისტორია
653 ## - INDEX TERM--UNCONTROLLED
Uncontrolled term ამერიკის შეერთებული შტატების ისტორია
800 1# - SERIES ADDED ENTRY--PERSONAL NAME
Personal name Burns, James MacGregor.
Title of a work American experiment (Alfred A. Knopf, Inc.)
906 ## - LOCAL DATA ELEMENT F, LDF (RLIN)
a 7
b cbc
c orignew
d 1
e ocip
f 19
g y-gencatlg
942 ## - ADDED ENTRY ELEMENTS (KOHA)
Source of classification or shelving scheme
Koha item type Books
Edition 1
Holdings
Withdrawn status Lost status Source of classification or shelving scheme Damaged status Not for loan Permanent location Current location Date acquired Inventory number Total Checkouts Full call number Barcode Date last seen Price effective from Koha item type
          Ken Walker International University Ken Walker International University 12/12/2020 735   94 M-12 735 12/12/2020 12/12/2020 Books

Powered by Koha